| Tag |
First Indicator |
Second Indicator |
Subfields |
| LEADER |
00000cam a2200000 i 4500 |
| 001 |
in00004635103 |
| 006 |
m o d |
| 007 |
cr |n||||||||n |
| 008 |
151027s2006 gw a o 000 0 ger d |
| 005 |
20230103223405.9 |
| 035 |
|
|
|a (OCoLC)ocn979875472
|
| 040 |
|
|
|a DEGRU
|b eng
|e pn
|c DEGRU
|d OCLCO
|d DEBBG
|d OCLCO
|d OCLCF
|d OCLCQ
|d VT2
|d OAPEN
|d OCLCQ
|d OCLCO
|d DEGRU
|d JSTOR
|d ICN
|d LOA
|d MERER
|d ERL
|d WYU
|d U3W
|d OCLCQ
|d LVT
|d OCLCQ
|d UKKNU
|d C6I
|d OCLCQ
|d UAB
|d UPM
|d OCLCA
|d U9X
|d SFB
|d OCLCQ
|d HTM
|d AUD
|d OCLCO
|
| 019 |
|
|
|a 965668238
|a 980246608
|
| 020 |
|
|
|a 9783839404249
|q (electronic bk.)
|
| 020 |
|
|
|a 383940424X
|q (electronic bk.)
|
| 020 |
|
|
|a 3899424247
|
| 020 |
|
|
|a 9783899424249
|
| 024 |
3 |
|
|a 9783899424249
|
| 024 |
7 |
|
|a 10.14361/9783839404249
|2 doi
|
| 035 |
|
|
|a (OCoLC)979875472
|z (OCoLC)965668238
|z (OCoLC)980246608
|
| 037 |
|
|
|a 22573/ctv1dq81w
|b JSTOR
|
| 037 |
|
|
|a 103271
|b Knowledge Unlatched
|
| 050 |
|
4 |
|a HB501
|
| 072 |
|
7 |
|a POL
|x 010000
|2 bisacsh
|
| 072 |
|
7 |
|a JPA
|2 bicssc
|
| 082 |
0 |
4 |
|a 320.01
|2 23
|
| 084 |
|
|
|a BL 8230
|2 rvk
|
| 084 |
|
|
|a MB 3400
|2 rvk
|
| 084 |
|
|
|a QD 110
|2 rvk
|
| 084 |
|
|
|a 320
|2 sdnb
|
| 084 |
|
|
|a MS 4350
|2 rvk
|0 (DE-625)rvk/123697:
|
| 049 |
|
|
|a TXAM
|
| 100 |
1 |
|
|a Nonhoff, Martin,
|e author.
|
| 242 |
0 |
0 |
|a Political Discourse and Hegemony: The Project "Social Market Economy"
|y eng
|
| 245 |
1 |
0 |
|a Politischer Diskurs und Hegemonie :
|b Das Projekt "Soziale Marktwirtschaft" /
|c Martin Nonhoff.
|
| 250 |
|
|
|a First Edition
|
| 264 |
|
1 |
|a Bielefeld :
|b Transcript Verlag,
|c [2006]
|
| 264 |
|
4 |
|c ©2006
|
| 300 |
|
|
|a 1 online resource (426 pages) :
|b illustrations
|
| 336 |
|
|
|a text
|b txt
|2 rdacontent
|
| 337 |
|
|
|a computer
|b c
|2 rdamedia
|
| 338 |
|
|
|a online resource
|b cr
|2 rdacarrier
|
| 347 |
|
|
|a text file
|
| 347 |
|
|
|b PDF
|
| 490 |
1 |
|
|a Sozialtheorie
|
| 505 |
0 |
0 |
|t Frontmatter --
|t Inhalt --
|t Vorwort --
|t 1. Einleitung --
|t 2. Diskurs Und Sprache: "Soziale Marktwirtschaft" Als Diskursives Element --
|t 3. Das Politische Als Diskursiver Raum Der Hegemonie --
|t 4. Hegemonie, Subjektivierung, Koordinierung --
|t 5. Hegemoniale Strategie --
|t 6. Soziale Marktwirtschaft Als Hegemoniales Projekt --
|t 7. Einfaches Fazit, Doppelter Ausblick --
|t Literaturverzeichnis --
|t Backmatter.
|
| 520 |
|
|
|a How do dominant political linguistic and thought patterns arise and how are they related to the social balance of power? This volume aims to get to the bottom of these questions about the functioning of discursive hegemony by linking political and discourse science. Based on the investigation of the hegemonic project "Social Market Economy", the political-discursive characteristics and strategies of successful hegemony will be reconstructed. In addition, the exemplary analysis of the West German economic policy discourse of the post-war years illustrates how political science can benefit from discourse research
|
| 545 |
|
|
|a Martin Nonhoff (Prof. Dr.) teaches political theory and discourse research at the Institute for Intercultural and International Studies at the University of Bremen.
|
| 546 |
|
|
|a In German.
|
| 588 |
0 |
|
|a Online resource; title from PDF title page (publisher's Web site, viewed October 27 2015).
|
| 542 |
1 |
|
|f This work is licensed under a Creative Commons license
|u https://creativecommons.org/licenses/by-nc-nd/4.0/legalcode
|
| 542 |
1 |
|
|f This work is licensed by Knowledge Unlatched under a Creative Commons license
|u https://creativecommons.org/licenses/by-nc-nd/4.0/legalcode
|
| 651 |
|
0 |
|a Germany (West)
|x Politics and government.
|
| 650 |
|
0 |
|a Discourse analysis.
|
| 650 |
|
0 |
|a Hegemony.
|
| 650 |
|
0 |
|a Capitalism
|x Social aspects.
|
| 651 |
|
6 |
|a Allemagne (Ouest)
|x Politique et gouvernement.
|
| 650 |
|
6 |
|a Hégémonie.
|
| 650 |
|
7 |
|a Political science and theory.
|2 bicssc
|
| 650 |
|
7 |
|a Politics and government.
|2 bicssc
|
| 650 |
|
7 |
|a Society and social sciences Society and social sciences.
|2 bicssc
|
| 650 |
|
7 |
|a Political science & theory.
|2 bicssc
|
| 650 |
|
7 |
|a POLITICAL SCIENCE
|x History & Theory.
|2 bisacsh
|
| 650 |
|
7 |
|a Capitalism
|x Social aspects.
|2 fast
|0 (OCoLC)fst00846453
|
| 650 |
|
7 |
|a Politik
|2 gnd
|
| 650 |
|
7 |
|a Soziale Marktwirtschaft
|2 gnd
|
| 650 |
|
7 |
|a Diskursanalyse
|2 gnd
|
| 655 |
|
7 |
|a Electronic books.
|2 local
|
| 710 |
2 |
|
|a JSTOR (Organization)
|
| 830 |
|
0 |
|a Sozialtheorie.
|
| 856 |
4 |
0 |
|u https://www.jstor.org/stable/10.2307/j.ctv1fxhsh
|z Connect to the full text of this electronic book
|t 0
|
| 955 |
|
|
|a JSTOR Open Access ebooks
|
| 994 |
|
|
|a 92
|b TXA
|
| 999 |
f |
f |
|s 894eefc0-356e-4797-958a-7248da2cfaea
|i cfc525b1-62e2-4034-aa8d-a6215d495be3
|t 0
|
| 952 |
f |
f |
|a Texas A&M University
|b College Station
|c Electronic Resources
|d Available Online
|t 0
|e HB501
|h Library of Congress classification
|
| 998 |
f |
f |
|a HB501
|t 0
|l Available Online
|